000
00392nam a22001577a 4500
005
20251212162404.0
008
251212b |||||||| |||| 00| 0 eng d
037
_c
TB
040
_a
AL
_c
AL
041
_2
URD
_a
URD
100
_a
Mohammad Hussain
_9
856450
245
_a
Tilism-e-hoshruba
260
_c
1988.
942
_2
CC
_c
TB
_n
0
999
_c
1466344
_d
1466344